| 000 | 00667nam a22001937a 4500 | ||
|---|---|---|---|
| 999 |
_c172740 _d172740 |
||
| 005 | 20200212121444.0 | ||
| 010 | _aENG-127704 | ||
| 020 |
_c495.00 _a9789353882372 |
||
| 035 | _aEN-111236 | ||
| 037 | _bDBAD/PUB | ||
| 082 | _a361.7650954 | ||
| 100 | _aSukla,Madhukar | ||
| 245 |
_aSocial Entreprenevrship in India: _cby Madhukar Shukla _bQuarter Idealism and a pound of pragmatism/ |
||
| 260 |
_aNew Delhi _c2020 _bSage |
||
| 270 |
_aB1/1-1 Mohan Cooperative Industrial Area Mathura Road _e110044 _bNew Delhi |
||
| 300 |
_axvii;256p. _b22cm(hb) |
||
| 500 | _aincludes bibliographical references and index | ||
| 942 |
_2ddc _cEN _h361.7650954 _mSHU |
||